000 00448nam a2200181Ia 4500
001 18683
005 20260306171648.0
008 260306s9999||||xx |||||||||||||| ||und||
041 _aESP
082 _aS 657.450285
_bE16
100 _aEchenique García, José Antonio
_eAUT
245 0 _aAuditoría en informática
260 _c1990
300 _axii, 204 páginas :
_c23 cm.
650 _aGEN
654 _aCCO
942 _cLIB
_dJUS
_fJUS
_2ddc
_n
999 _c18683
_d18683